| 000 | 00973nam a22003017a 4500 | ||
|---|---|---|---|
| 001 | 5233 | ||
| 003 | FISKH | ||
| 005 | 20241120130749.0 | ||
| 008 | 241120b cb ||||| |||| 00| 0 eng d | ||
| 020 | _a9781407112039 | ||
| 040 |
_aFISKH _beng _cFISKH _dFISKH |
||
| 082 | _a641.3374 | ||
| 100 | _aMacdonald, Alan | ||
| 245 |
_aTriffic Chocolate / _cby Alan MacDonald |
||
| 260 |
_aNew York : _bScholastic ; _c2010 . |
||
| 300 |
_a159 pages : _billustrations ; _c21 cm . |
||
| 490 | _aTotally | ||
| 505 | _aW | ||
| 520 | _aThe history of the beautiful bean from the Aztecs to Aero This book is for the dedicated chocophile who d like to knowmore about their favourite food. A really tasty read | ||
| 521 | 8 |
_a890
_bLexile estimate |
|
| 521 | 8 |
_aW
_bRaz-Plus |
|
| 650 |
_afood _vnon-fiction |
||
| 650 |
_ahistory _vnon-fiction |
||
| 650 |
_achocolate _vnon-fiction |
||
| 700 |
_aGoddard, Clive _eillustrator |
||
| 942 |
_2ddc _cBK _n0 |
||
| 999 |
_c5233 _d5233 |
||